Retrouvez les participants à la CAN 2025 ! - Statistiques

Statistiques générales
  • Ce quiz a été pris 147 fois
  • Le résultat moyen est 18 sur 24
Statistiques - réponses
Groupe Réponse % Correct
Groupe A Maroc
100%
Groupe E Algérie
98%
Groupe A Mali
94%
Groupe D Sénégal
94%
Groupe B Egypte
93%
Groupe C Tunisie
92%
Groupe C Nigéria
88%
Groupe B Afrique du Sud
87%
Groupe F Cameroun
85%
Groupe F Côte d'Ivoire
85%
Groupe D RD Congo
81%
Groupe A Zambie
74%
Groupe E Soudan
72%
Groupe A Comores
70%
Groupe D Bénin
69%
Groupe C Tanzanie
68%
Groupe C Ouganda
66%
Groupe F Gabon
65%
Groupe B Angola
63%
Groupe E Burkina Faso
63%
Groupe B Zimbabwe
60%
Groupe E Guinée-équatoriale
58%
Groupe F Mozambique
57%
Groupe D Botswana
56%
Aucun quiz correspondant
Distribution des résultats
% des personnes avec chaque résultat
Percentile par nombre de réponses
Votre historique - résultats
Vous n’avez pas pris ce quiz